[Event "27th Czech Open A 2016"]
[Site "Pardubice CZE"]
[Date "2016.07.26"]
[Round "5.40"]
[White "Hirneise, Tobias"]
[Black "Hansen, Mads"]
[Result "1-0"]
[WhiteTitle "IM"]
[BlackTitle "FM"]
[WhiteElo "2452"]
[BlackElo "2353"]
[WhiteFideId "24600881"]
[BlackFideId "1401610"]
[EventDate "2016.07.22"]

1. e4 c5 2. Nf3 e6 3. d4 cxd4 4. Nxd4 Nc6 5. Nc3 Qc7 6. Be2 a6 7. Be3 Nf6 8. a3
Be7 9. f4 d6 10. g4 d5 11. e5 Nd7 12. g5 b5 13. Nxc6 Qxc6 14. Bd4 Nb6 15. O-O
Bb7 16. b4 Nc4 17. Bf3 a5 18. a4 axb4 19. Nxb5 Ba6 20. f5 Bxg5 21. fxe6 O-O 22.
exf7+ Rxf7 23. Qe2 Rd8 24. Bh5 Rxf1+ 25. Rxf1 g6 26. Bg4 Nd2 27. e6 Ne4 28. Rf7
Bh6 29. Qf3 Qe8 30. Nc7 Ng5 31. Qf6 1-0

[Event "27th Czech Open A 2016"]
[Site "Pardubice CZE"]
[Date "2016.07.26"]
[Round "5.41"]
[White "Sylvan, Jacob"]
[Black "Zanan, Evgeny"]
[Result "1-0"]
[WhiteTitle "FM"]
[BlackTitle "FM"]
[WhiteElo "2342"]
[BlackElo "2450"]
[WhiteFideId "1402137"]
[BlackFideId "24101940"]
[EventDate "2016.07.22"]

1. e4 c5 2. Nf3 d6 3. d4 cxd4 4. Nxd4 Nf6 5. Nc3 a6 6. Bg5 Nbd7 7. f4 Qc7 8. Qf3
b5 9. O-O-O Bb7 10. Bd3 g6 11. Rhe1 Bg7 12. Nd5 Nxd5 13. exd5 Nf6 14. Nc6 Bxc6
15. dxc6 h6 16. Bxf6 Bxf6 17. Qg4 Kf8 18. Qf3 Kg7 19. f5 g5 20. Be4 h5 21. Bd5
a5 22. a3 Rab8 23. Re4 Rb6 24. Qb3 Rxc6 25. Bxc6 Qxc6 26. Rd5 Rc8 27. Re2 Rb8
28. Re4 Qb6 29. Qe3 Qc6 30. Qb3 Be5 31. g3 Kf6 32. Kb1 Kxf5 33. h4 Kg6 34. hxg5
e6 35. Rdxe5 dxe5 36. Qf3 Kg7 37. Qf6+ Kg8 38. g6 Rb7 39. Rxe5 fxg6 40. Qxg6+
Rg7 41. Qxh5 b4 42. Rc5 Qd7 43. Rxa5 Qc6 44. Rc5 Qd7 45. Rb5 Qc8 46. Qe5 Kf7 47.
Rxb4 Rh7 48. Qe4 1-0

[Event "27th Czech Open A 2016"]
[Site "Pardubice CZE"]
[Date "2016.07.26"]
[Round "5.42"]
[White "Shevchenko, Kirill"]
[Black "Thakur, Akash"]
[Result "1-0"]
[WhiteTitle "FM"]
[BlackTitle "FM"]
[WhiteElo "2443"]
[BlackElo "2339"]
[WhiteFideId "14129574"]
[BlackFideId "5008514"]
[EventDate "2016.07.22"]

1. e4 e5 2. Nf3 Nc6 3. Bb5 a6 4. Ba4 Nf6 5. O-O Be7 6. Re1 b5 7. Bb3 d6 8. a4
Bd7 9. c3 O-O 10. d4 h6 11. Nbd2 Re8 12. Nf1 Bf8 13. Ng3 Na5 14. Bc2 c5 15. d5
c4 16. h3 Nb7 17. Be3 g6 18. Nh2 Bg7 19. f4 exf4 20. Bxf4 bxa4 21. Kh1 h5 22. e5
dxe5 23. Rxe5 h4 24. Ngf1 Nc5 25. Nf3 Qb6 26. N1d2 Bb5 27. Nxh4 Rxe5 28. Bxe5
Nxd5 29. Bxg7 Kxg7 30. Qg4 Nd3 31. Nf5+ Kf8 32. Bxd3 cxd3 33. Nd4 Re8 34. c4 Nf6
35. Qf4 Ne4 36. Rf1 Re7 37. Qh6+ Kg8 38. Nf5 Nf2+ 39. Rxf2 Re1+ 40. Kh2 Qc7+ 41.
Ng3 Bxc4 42. Nxc4 Qxc4 43. Qd2 Rb1 44. Rf4 Qc5 45. h4 a3 46. bxa3 Rb3 47. a4 f5
48. h5 Qe5 49. Qa2 Qd5 50. Nf1 Kg7 51. Qa1+ Kh6 52. Qf6 Qg8 53. hxg6 Qb8 54. g7+
Kh7 55. Qxf5+ Kxg7 56. Qg5+ Kh7 57. Qh4+ 1-0

[Event "27th Czech Open A 2016"]
[Site "Pardubice CZE"]
[Date "2016.07.26"]
[Round "5.43"]
[White "Kozionov, Kirill"]
[Black "Vyskocil, Neklan"]
[Result "0-1"]
[WhiteTitle "IM"]
[BlackTitle "IM"]
[WhiteElo "2440"]
[BlackElo "2323"]
[WhiteFideId "24101729"]
[BlackFideId "307106"]
[EventDate "2016.07.22"]

1. e4 c5 2. Nf3 Nc6 3. Bb5 g6 4. Bxc6 dxc6 5. h3 e5 6. d3 f6 7. Be3 Nh6 8. Qd2
Nf7 9. Na3 Be6 10. Nc4 Bxc4 11. dxc4 Qxd2+ 12. Nxd2 Nd8 13. Ke2 Ne6 14. c3 h5
15. h4 Bd6 16. Nf3 Ke7 17. Rad1 Rad8 18. Rhg1 Kf7 19. Ne1 b6 20. g3 f5 21. Nf3
Bc7 22. Rde1 Rd7 23. Kf1 Rhd8 24. Kg2 fxe4 25. Ng5+ Nxg5 26. Bxg5 Re8 27. Rxe4
Bd8 28. Be3 Bf6 29. Kf3 Red8 30. Ke2 Re8 31. a4 Rb8 32. Rf1 Kg7 33. f4 exf4 34.
Bxf4 Rbb7 35. Ke3 Re7 36. Rd1 Rxe4+ 37. Kxe4 Re7+ 38. Kf3 Kf7 39. Rd6 Re6 40.
Rd3 a6 41. b4 cxb4 42. cxb4 Be7 43. Rd7 Ke8 44. Rb7 Bxb4 45. Rxb6 a5 46. Ra6 Kd7
47. Ra7+ Kc8 48. Ra8+ Kd7 49. Ra7+ Kc8 50. Rg7 Bc3 51. Rg8+ Kd7 52. c5 Bd4 0-1

[Event "27th Czech Open A 2016"]
[Site "Pardubice CZE"]
[Date "2016.07.26"]
[Round "5.44"]
[White "Tomazini, Zan"]
[Black "Krapivin, Vladislav"]
[Result "1/2-1/2"]
[WhiteTitle "IM"]
[BlackTitle "IM"]
[WhiteElo "2432"]
[BlackElo "2318"]
[WhiteFideId "14608162"]
[BlackFideId "4126149"]
[EventDate "2016.07.22"]

1. e4 d6 2. d4 Nf6 3. Nc3 e5 4. Nf3 Nbd7 5. g4 g6 6. g5 Nh5 7. Be3 Bg7 8. Qd2
O-O 9. O-O-O c6 10. Be2 Qa5 11. Kb1 Re8 12. h4 b5 13. d5 b4 14. dxc6 bxc3 15.
cxd7 Bxd7 16. Qxd6 Be6 17. b3 Rec8 18. Qa6 Qb4 19. Ne1 Nf4 20. Bf3 Rab8 21. Bxf4
exf4 22. Nd3 Qf8 23. Nxf4 Bc4 24. Qd6 Qxd6 25. Rxd6 Be5 26. Rf6 Re8 27. Kc1 Bxf6
28. gxf6 Rb6 29. e5 Rxe5 30. bxc4 Rf5 31. Rd1 Rbxf6 32. Nd5 Rxf3 33. Nxf6+ Rxf6
34. Rd3 Rxf2 35. Rxc3 Kf8 36. c5 Ke7 37. Ra3 Kd7 38. Rxa7+ Kc6 39. Kb2 h5 40.
Kb3 Kxc5 41. a4 Rf4 42. c3 Kb6 43. Re7 Ka5 44. Rb7 Rxh4 45. Ra7+ Kb6 46. Rxf7
Rg4 47. c4 Rg1 48. Re7 h4 49. Kb4 Rb1+ 50. Kc3 g5 51. a5+ Ka6 52. Re6+ Ka7 53.
Rh6 Kb7 54. Rh5 Rg1 55. Kb4 Rg3 56. Kb5 Rb3+ 57. Kc5 Rg3 58. Kb5 Rb3+ 59. Kc5 1/2-1/2

[Event "27th Czech Open A 2016"]
[Site "Pardubice CZE"]
[Date "2016.07.26"]
[Round "5.45"]
[White "Kulon, Klaudia"]
[Black "Kanovsky, David"]
[Result "1-0"]
[WhiteTitle "WGM"]
[BlackTitle "IM"]
[WhiteElo "2334"]
[BlackElo "2430"]
[WhiteFideId "1131044"]
[BlackFideId "316210"]
[EventDate "2016.07.22"]

1. e4 e6 2. d4 d5 3. e5 c5 4. c3 Nc6 5. Nf3 Bd7 6. Be2 Rc8 7. O-O Nh6 8. a3 Nf5
9. b4 cxd4 10. cxd4 Be7 11. Bb2 f6 12. Bd3 fxe5 13. Bxf5 exf5 14. dxe5 Be6 15.
Nc3 O-O 16. b5 Na5 17. Nd4 Bf7 18. Nxf5 Nc4 19. Nxd5 Bc5 20. e6 Bxe6 21. Qg4 Qd7
22. Nde7+ Kf7 23. Rad1 Qxb5 24. Qh5+ g6 25. Qxh7+ Ke8 26. Qxg6+ Bf7 27. Ng7+ 1-0

[Event "27th Czech Open A 2016"]
[Site "Pardubice CZE"]
[Date "2016.07.26"]
[Round "5.46"]
[White "Praggnanandhaa, R"]
[Black "Sarkozy, Ladislav"]
[Result "1-0"]
[WhiteTitle "FM"]
[WhiteElo "2429"]
[BlackElo "2292"]
[WhiteFideId "25059530"]
[BlackFideId "14900300"]
[EventDate "2016.07.22"]

1. d4 Nf6 2. Bg5 d5 3. Bxf6 exf6 4. e3 Be6 5. Nd2 c6 6. g3 f5 7. Bg2 Nd7 8. Ne2
Nf6 9. O-O Bd6 10. c4 dxc4 11. Qc2 O-O 12. Nxc4 g6 13. Nxd6 Qxd6 14. Nf4 Rfe8
15. Rfc1 Nd5 16. Nd3 Nb4 17. Qc5 Qxc5 18. Nxc5 Rab8 19. a3 Nd5 20. Bxd5 cxd5 21.
Rc3 Re7 22. Rac1 Rc8 23. Kg2 Rc6 24. Kf3 Rb6 25. Na4 Ra6 26. Nc5 Rb6 27. b4 Kg7
28. Rb3 Kf6 29. a4 Rc7 30. b5 Rd6 31. Rbc3 g5 32. h4 h6 33. Ke2 Ke7 34. Kd2 Bd7
35. Rh1 Be8 36. hxg5 hxg5 37. Rh5 Rg6 38. Rc1 Rg8 39. Rh6 Bd7 40. b6 axb6 41.
Rxb6 Ra8 42. Rh1 Rxa4 43. Nxa4 Bxa4 44. Rh5 Bc6 45. Rxg5 Kf6 46. Rg8 Re7 47. Ke2
Re6 48. Kf3 Re7 49. Rh8 Kg7 50. Rd8 1-0

[Event "27th Czech Open A 2016"]
[Site "Pardubice CZE"]
[Date "2016.07.26"]
[Round "5.47"]
[White "Warakomska, Anna"]
[Black "Kraus, Tomas"]
[Result "0-1"]
[WhiteTitle "WIM"]
[BlackTitle "FM"]
[WhiteElo "2321"]
[BlackElo "2426"]
[WhiteFideId "1130790"]
[BlackFideId "331708"]
[EventDate "2016.07.22"]

1. e4 d6 2. d4 Nf6 3. Nc3 e5 4. Nf3 Nbd7 5. Bc4 Be7 6. O-O O-O 7. Re1 c6 8. a4
b6 9. d5 cxd5 10. Nxd5 Nxd5 11. Bxd5 Rb8 12. Nd2 Nf6 13. Nf1 Nxd5 14. Qxd5 Be6
15. Qd3 f5 16. exf5 Bxf5 17. Qd5+ Kh8 18. Ne3 Bg6 19. c4 Rf4 20. Rd1 Qf8 21. Qd2
Bh5 22. Re1 Bh4 23. g3 Rd4 24. Qc3 Qc8 25. Ra3 Bg5 26. f4 Bf6 27. f5 Bf3 28. b3
e4 29. Qc2 Qc5 30. Kf2 Rf8 31. Ra2 Rd3 32. Kf1 Bd4 33. Ba3 Bxe3 34. Bxc5 Bxc5
35. g4 Bxg4 36. Kg2 Bf3+ 37. Kg3 h5 38. Qxd3 h4+ 39. Kf4 g5+ 40. Kxg5 exd3 41.
Re6 Bb4 42. Rh6+ Kg8 43. Rg6+ Kf7 44. Kf4 Bh5 45. Rgg2 Re8 0-1

[Event "27th Czech Open A 2016"]
[Site "Pardubice CZE"]
[Date "2016.07.26"]
[Round "5.48"]
[White "Bilguun, Sumiya"]
[Black "Lederman, Leon"]
[Result "1-0"]
[WhiteTitle "FM"]
[BlackTitle "IM"]
[WhiteElo "2419"]
[BlackElo "2269"]
[WhiteFideId "4901541"]
[BlackFideId "2800403"]
[EventDate "2016.07.22"]

1. e4 c5 2. Nf3 d6 3. d4 cxd4 4. Nxd4 Nf6 5. Nc3 a6 6. f4 e5 7. Nf3 Qc7 8. a4
Nbd7 9. Bd3 Be7 10. O-O O-O 11. Kh1 Nc5 12. Qe1 Bg4 13. fxe5 dxe5 14. Qg3 Ne6
15. Nd5 Nxd5 16. exd5 Bxf3 17. dxe6 Bh5 18. Bh6 Bg6 19. exf7+ Rxf7 20. Rxf7 Kxf7
21. Bxg6+ hxg6 22. Qb3+ Ke8 23. Qg8+ Bf8 24. Rf1 Qe7 25. Bg5 1-0

[Event "27th Czech Open A 2016"]
[Site "Pardubice CZE"]
[Date "2016.07.26"]
[Round "5.49"]
[White "Hemant, Sharma2"]
[Black "Nasuta, Grzegorz"]
[Result "1/2-1/2"]
[BlackTitle "IM"]
[WhiteElo "2299"]
[BlackElo "2417"]
[WhiteFideId "5025842"]
[BlackFideId "1141686"]
[EventDate "2016.07.22"]

1. c4 e5 2. g3 Nf6 3. Bg2 d5 4. cxd5 Nxd5 5. Nc3 Nb6 6. Nf3 Nc6 7. O-O Be7 8. a3
O-O 9. b4 Be6 10. Rb1 f6 11. d3 a5 12. b5 Nd4 13. Nd2 Qc8 14. e3 Nf5 15. Qc2 a4
16. Nce4 Rd8 17. Rd1 Qd7 18. Bf1 Bf8 19. Nc5 Bxc5 20. Qxc5 Nd6 21. Bb2 Rac8 22.
Ba1 Bh3 23. Be2 Bg4 24. f3 Be6 25. e4 Qf7 26. Rb4 Nd7 27. Qf2 b6 28. d4 exd4 29.
Bxd4 Nb7 30. Rxa4 Ndc5 31. Rb4 Ra8 32. Qe3 Kh8 33. f4 Qe7 34. f5 Bf7 35. e5 fxe5
36. Qxe5 Qxe5 37. Bxe5 Re8 38. Nf3 Rxa3 39. Rg4 h5 40. Rg5 Ne4 41. Rxg7 Rxe5 42.
Rxf7 Re8 43. Rxc7 Nc3 44. Nh4 Nxe2+ 45. Kf2 Ra2 46. Ng6+ Kg8 47. Kf1 Rd8 48.
Rxd8+ Nxd8 49. Rc8 Kg7 50. Rxd8 Nc3 51. Rd6 Nxb5 52. Rxb6 Nd4 53. Ne7 Kf7 54. f6
Nf3 55. h3 Rd2 56. Rb3 Nd4 57. Rb7 Kxf6 58. Nd5+ Ke5 59. Nf4 Ke4 60. Nxh5 Rd1+
61. Kf2 Rd2+ 62. Kg1 Rd1+ 63. Kg2 Rd2+ 64. Kf1 Rd1+ 65. Kf2 Rd2+ 66. Kf1 Rd1+
67. Kf2 1/2-1/2

[Event "27th Czech Open A 2016"]
[Site "Pardubice CZE"]
[Date "2016.07.26"]
[Round "5.50"]
[White "Kulkarni, Rakesh"]
[Black "Vokac, Marek"]
[Result "1-0"]
[BlackTitle "GM"]
[WhiteElo "2296"]
[BlackElo "2415"]
[WhiteFideId "5037077"]
[BlackFideId "300101"]
[EventDate "2016.07.22"]

1. e4 g6 2. d4 Bg7 3. Nc3 d6 4. Be3 a6 5. Qd2 b5 6. f3 Nd7 7. g4 Bb7 8. Nge2 e5
9. O-O-O exd4 10. Nxd4 Ne5 11. Be2 Nf6 12. Bh6 Bxh6 13. Qxh6 Qe7 14. Rhe1 Qf8
15. Qh4 Qg7 16. f4 g5 17. fxg5 Nfd7 18. Nf5 Qg6 19. Kb1 Rg8 20. Qg3 b4 21. Nd5
Bxd5 22. Rxd5 Qxg5 23. h4 Qf6 24. g5 Qe6 25. Bf1 h6 26. Bh3 Qg6 27. Qb3 hxg5 28.
hxg5 Qxg5 29. Qa4 Kf8 30. Qxb4 Rb8 31. Qc3 Qd8 32. Rdd1 Rg6 33. a4 Kg8 34. Bf1
Qf6 35. Bxa6 Nc5 36. Bb5 Rxb5 37. axb5 Nxe4 38. Qxc7 Qxf5 39. b6 Nc5 40. Rxe5
dxe5 41. b7 Na6 42. Qc8+ 1-0

[Event "27th Czech Open A 2016"]
[Site "Pardubice CZE"]
[Date "2016.07.26"]
[Round "5.51"]
[White "Gahan, M G"]
[Black "Padmini, Rout"]
[Result "1-0"]
[BlackTitle "IM"]
[WhiteElo "2249"]
[BlackElo "2415"]
[WhiteFideId "5027373"]
[BlackFideId "5029295"]
[EventDate "2016.07.22"]

1. e4 c5 2. Nf3 e6 3. c3 Nf6 4. e5 Nd5 5. d4 cxd4 6. cxd4 d6 7. a3 Nc6 8. Bd3 g6
9. O-O Bg7 10. Re1 O-O 11. Qe2 Bd7 12. b4 Qb6 13. Qe4 f5 14. Qh4 dxe5 15. dxe5
Qc7 16. Bb2 Qd8 17. Qc4 Rc8 18. Qb3 g5 19. Bc4 Nc7 20. Nd4 Nxd4 21. Bxd4 Bb5 22.
Nc3 Bxc4 23. Qxc4 Rf7 24. Rac1 Nd5 25. Qb3 Rfc7 26. Rcd1 Rd7 27. Nb5 b6 28. Nd6
Rc6 29. Ba1 Nf4 30. g3 Nh3+ 31. Kg2 Qa8 32. Qxe6+ Kh8 33. Qe8+ Qxe8 34. Nxe8
Rxd1 35. Rxd1 g4 36. Rd8 Bf8 37. e6+ 1-0

[Event "27th Czech Open A 2016"]
[Site "Pardubice CZE"]
[Date "2016.07.26"]
[Round "5.52"]
[White "Moehn, Hans"]
[Black "Hollan, Petr"]
[Result "1/2-1/2"]
[WhiteTitle "FM"]
[BlackTitle "FM"]
[WhiteElo "2413"]
[BlackElo "2263"]
[WhiteFideId "24647837"]
[BlackFideId "360945"]
[EventDate "2016.07.22"]

1. Nf3 Nf6 2. g3 e6 3. Bg2 b6 4. O-O Be7 5. c4 O-O 6. b3 Bb7 7. Bb2 d5 8. e3
Nbd7 9. Qe2 dxc4 10. bxc4 Rc8 11. d3 c5 12. Nc3 Qc7 13. a4 Rfd8 14. Nb5 Qb8 15.
Bc3 a6 16. Na3 Bc6 17. Nc2 a5 18. Rfb1 Qc7 19. Na3 Bxa4 20. Nb5 Bxb5 21. Rxb5
Ne8 22. Rab1 Bf6 23. Bxf6 Nexf6 24. Nd2 Ne8 25. f4 Rb8 26. R5b2 Nf8 27. Ne4 Nd6
28. Nc3 Nf5 29. Rb3 Ne7 30. Na4 Nd7 31. Qb2 Nc6 32. Bxc6 Qxc6 33. Rb5 h6 34. Qg2
Qc7 35. R1b3 Qd6 36. Qf3 e5 37. f5 Re8 38. Kg2 e4 39. dxe4 Ne5 40. Qe2 Nd7 41.
Nc3 Nf6 42. Nd5 Nxe4 43. Rxb6 Rxb6 44. Rxb6 Qe5 45. f6 Nxf6 46. Nxf6+ gxf6 47.
Qf3 Qxe3 48. Qxe3 Rxe3 49. Rb5 Rc3 50. Rxc5 a4 51. Rc8+ Kg7 52. c5 1/2-1/2

[Event "27th Czech Open A 2016"]
[Site "Pardubice CZE"]
[Date "2016.07.26"]
[Round "5.53"]
[White "Johannesson, Oliver"]
[Black "Makoto, Rodwell"]
[Result "0-1"]
[WhiteTitle "FM"]
[BlackTitle "IM"]
[WhiteElo "2232"]
[BlackElo "2406"]
[WhiteFideId "2305623"]
[BlackFideId "11000120"]
[EventDate "2016.07.22"]

1. d4 Nf6 2. c4 g6 3. Nc3 d5 4. cxd5 Nxd5 5. g3 Bg7 6. Bg2 Nxc3 7. bxc3 c5 8. e3
cxd4 9. cxd4 Nc6 10. Ne2 Be6 11. O-O Bd5 12. Bxd5 Qxd5 13. Nf4 Qd7 14. Ba3 O-O
15. Qe2 Rfc8 16. Rac1 e5 17. dxe5 Nxe5 18. Rxc8+ Rxc8 19. Rd1 Qa4 20. Nd5 Qxa3 0-1

[Event "27th Czech Open A 2016"]
[Site "Pardubice CZE"]
[Date "2016.07.26"]
[Round "5.54"]
[White "Chekletsov, Ilya"]
[Black "Girish, A. Koushik"]
[Result "1-0"]
[WhiteTitle "FM"]
[BlackTitle "IM"]
[WhiteElo "2223"]
[BlackElo "2399"]
[WhiteFideId "24177156"]
[BlackFideId "5038448"]
[EventDate "2016.07.22"]

1. d4 Nf6 2. c4 g6 3. Nc3 d5 4. Bg5 Bg7 5. Bxf6 Bxf6 6. cxd5 c6 7. dxc6 Bxd4 8.
cxb7 Bxb7 9. Nf3 Bxc3+ 10. bxc3 Qa5 11. Qd2 O-O 12. c4 Nc6 13. Qxa5 Nxa5 14. e3
Bxf3 15. gxf3 Rab8 16. Bg2 Nxc4 17. O-O e6 18. Rfc1 Rfc8 19. f4 Nd2 20. a4 a5
21. Rc6 Kf8 22. Rac1 Rxc6 23. Bxc6 Rc8 24. Kg2 Ne4 25. Kf3 Nf6 26. Rc4 Ke7 27.
e4 Nd7 28. e5 Nb6 29. Rc2 Rc7 30. Ke4 Nc8 31. Kd3 Na7 32. Bb5 Nxb5 33. axb5 Rd7+
34. Kc4 Kd8 35. Ra2 Kc8 36. Rxa5 Kb7 37. Ra2 Rd1 38. Kc5 Re1 39. Kd6 Re4 40. Rd2
Rxf4 41. Kc5 Rf5 42. Rd7+ Kc8 43. Kc6 Rxf2 44. Rc7+ Kd8 45. b6 Rc2+ 46. Kb7 Rf2
47. Kb8 h5 48. h4 Rf4 49. b7 Rxh4 50. Rxf7 Ra4 51. Rg7 h4 52. Rxg6 Kd7 53. Rg7+
Kc6 54. Kc8 Rb4 55. b8=Q Rxb8+ 56. Kxb8 Kd5 57. Rg5 h3 58. Rh5 h2 59. Kc7 h1=Q
60. Rxh1 Kxe5 61. Re1+ Kd5 62. Rd1+ Kc5 63. Kd7 e5 64. Ke6 e4 65. Ke5 e3 66. Re1 1-0

[Event "27th Czech Open A 2016"]
[Site "Pardubice CZE"]
[Date "2016.07.26"]
[Round "5.55"]
[White "Roubalik, Jakub"]
[Black "Solozhenkina, Elizaveta"]
[Result "1-0"]
[BlackTitle "WFM"]
[WhiteElo "2397"]
[BlackElo "2123"]
[WhiteFideId "322237"]
[BlackFideId "34106615"]
[EventDate "2016.07.22"]

1. d4 d5 2. Nf3 Nf6 3. c4 e6 4. Nc3 Be7 5. Bg5 h6 6. Bxf6 Bxf6 7. Qd2 O-O 8. e3
b6 9. cxd5 exd5 10. Be2 Be6 11. O-O Qe7 12. Rac1 Rc8 13. Rfd1 c5 14. dxc5 Bxc3
15. Qxc3 bxc5 16. Qa3 Nd7 17. Nd4 Qf8 18. Nxe6 fxe6 19. e4 d4 20. Bc4 Qd6 21.
Qh3 Rc6 22. f4 Nb6 23. e5 Qe7 24. Qf3 Rcc8 25. Bd3 Nd7 26. Qe4 Nf8 27. Ba6 Rd8
28. Rc2 Rab8 29. Rdc1 Rb6 30. Bd3 Rc8 31. b3 g6 32. g4 Kg7 33. Rg2 Re8 34. Re1
Qb7 35. Qe2 Nd7 36. h4 a5 37. h5 Rf8 38. g5 hxg5 39. Rxg5 Rxf4 40. Rxg6+ Kf7 41.
Rf1 Rxf1+ 42. Qxf1+ Ke7 43. Rg7+ Kd8 44. h6 1-0

[Event "27th Czech Open A 2016"]
[Site "Pardubice CZE"]
[Date "2016.07.26"]
[Round "5.56"]
[White "Karousos-Theodorakis, Nikolaos"]
[Black "Khaetsky, Roman"]
[Result "1/2-1/2"]
[BlackTitle "IM"]
[WhiteElo "2222"]
[BlackElo "2385"]
[WhiteFideId "4275829"]
[BlackFideId "14106221"]
[EventDate "2016.07.22"]

1. c4 e5 2. g3 f5 3. Bg2 Nf6 4. Nc3 Nc6 5. d3 g6 6. e4 Bg7 7. Nge2 O-O 8. O-O d6
9. Nd5 fxe4 10. dxe4 Bg4 11. f3 Be6 12. Be3 Ne7 13. Qd3 c6 14. Nxf6+ Bxf6 15.
Nc3 d5 16. cxd5 cxd5 17. exd5 Nxd5 18. Nxd5 Qxd5 19. Qxd5 Bxd5 20. f4 Bxg2 21.
Kxg2 Rac8 22. fxe5 Rc2+ 23. Rf2 Rxf2+ 24. Bxf2 Bxe5 25. Re1 Bxb2 26. Rb1 Bc3 27.
Bxa7 Rf7 28. Rb3 Bf6 29. Be3 Rd7 30. Kf3 Kf7 31. Ke4 h5 32. h4 Be7 33. Kf3 Bd8
34. Bb6 Bf6 35. Be3 Be5 36. Bf4 Bf6 37. Bg5 Bxg5 38. hxg5 Rc7 39. Rb6 Rc5 40.
Rxb7+ Ke6 41. a4 Rf5+ 42. Kg2 Rxg5 43. Rb6+ Kd7 44. Kf3 1/2-1/2

[Event "27th Czech Open A 2016"]
[Site "Pardubice CZE"]
[Date "2016.07.26"]
[Round "5.57"]
[White "Pardo Simon, David"]
[Black "Prithu, Gupta"]
[Result "1-0"]
[WhiteTitle "IM"]
[WhiteElo "2492"]
[BlackElo "1981"]
[WhiteFideId "2296276"]
[BlackFideId "46618546"]
[EventDate "2016.07.22"]

1. Nf3 d5 2. e3 Nf6 3. c4 e6 4. b3 Bd6 5. Bb2 O-O 6. Qc2 Nbd7 7. Be2 c5 8. Nc3
b6 9. g4 Bb7 10. g5 Ne4 11. Rg1 Re8 12. h4 Qb8 13. h5 Ne5 14. g6 fxg6 15. Nxe4
dxe4 16. Ng5 Nd7 17. hxg6 h6 18. Nxe4 Be5 19. Nc3 Bf6 20. O-O-O a5 21. a4 Ne5
22. Ne4 Bxe4 23. Qxe4 Nd7 24. d4 cxd4 25. exd4 Qd6 26. Kb1 Rac8 27. Bg4 Nf8 28.
Ka2 Rcd8 29. Rge1 Kh8 30. Re3 Bg5 31. Rf3 Nd7 32. Rf7 Nf6 33. Qe2 Qf4 34. Bxe6
Qe4 35. Qxe4 Nxe4 36. d5 1-0

[Event "27th Czech Open A 2016"]
[Site "Pardubice CZE"]
[Date "2016.07.26"]
[Round "5.58"]
[White "Simacek, Pavel"]
[Black "Eliseev, Evgeniy"]
[Result "1-0"]
[WhiteTitle "IM"]
[WhiteElo "2470"]
[BlackElo "2248"]
[WhiteFideId "307165"]
[BlackFideId "14139642"]
[EventDate "2016.07.22"]

1. e4 d6 2. d4 Nf6 3. Nc3 e5 4. Nf3 Nbd7 5. Bc4 Be7 6. O-O O-O 7. a4 c6 8. h3 a5
9. Re1 Nb6 10. Ba2 Nfd7 11. Be3 exd4 12. Nxd4 Nc5 13. Qh5 Nbxa4 14. Nxa4 Nxa4
15. Nf3 Nc5 16. Ng5 Bxg5 17. Bxg5 Qe8 18. Bf4 Qd8 19. Rad1 Ne6 20. Bxd6 Re8 21.
Re3 g6 22. Rg3 Qf6 23. Be5 Nf4 24. Bxf4 Qxf4 25. Rf3 Qxe4 26. Bxf7+ Kg7 27. Qg5
Qe5 28. Qh4 Rf8 29. Bxg6 hxg6 30. Rxf8 Kxf8 31. Rd8+ Kf7 32. Qh6 Qe7 33. Qh7+
Kf6 34. Qh8+ Kg5 35. h4+ Kf5 36. Rf8+ Ke4 37. Re8 Be6 38. f3+ Kd5 39. c4+ Kd6
40. Qd4+ 1-0

[Event "27th Czech Open A 2016"]
[Site "Pardubice CZE"]
[Date "2016.07.26"]
[Round "5.59"]
[White "Galaktionov, Artem"]
[Black "Neelotpal, Das"]
[Result "0-1"]
[BlackTitle "GM"]
[WhiteElo "2269"]
[BlackElo "2467"]
[WhiteFideId "24175471"]
[BlackFideId "5003512"]
[EventDate "2016.07.22"]

1. d4 Nf6 2. Nf3 e6 3. c4 d5 4. Nc3 dxc4 5. e3 a6 6. a4 c5 7. dxc5 Qxd1+ 8. Kxd1
Bxc5 9. Bxc4 b6 10. Ke2 Bb7 11. Ne5 O-O 12. f3 Nbd7 13. Nd3 Bd6 14. e4 Rfc8 15.
Bb3 Ne5 16. Be3 Nxd3 17. Kxd3 Nd7 18. Rad1 Nc5+ 19. Kc2 Bf8 20. Rd4 b5 21. Ra1
Bc6 22. axb5 Nxb3 23. Kxb3 axb5 24. Rxa8 Rxa8 25. Na2 e5 26. Rd2 b4 27. Rf2 f5
28. Nc1 Ba4+ 29. Kc4 Rc8+ 30. Kd5 f4 31. Bd2 Rd8+ 32. Kxe5 Bc5 33. Re2 Bb5 34.
Bxb4 Bxb4 35. Rc2 Bd2 36. Nb3 Be3 37. Nc5 Re8+ 38. Kf5 Kf7 39. g3 Rc8 40. b4 g6+
41. Ke5 g5 42. Kf5 h6 43. g4 Bd4 44. e5 Bd3+ 45. Nxd3 Rxc2 46. h4 Rc4 47. hxg5
hxg5 48. Nc5 Rxb4 49. Ne4 Rb2 50. Kxg5 Kg7 51. e6 Rb7 0-1

[Event "27th Czech Open A 2016"]
[Site "Pardubice CZE"]
[Date "2016.07.26"]
[Round "5.60"]
[White "Prymula, Roman"]
[Black "Lugovskoy, Maxim"]
[Result "0-1"]
[WhiteTitle "FM"]
[BlackTitle "IM"]
[WhiteElo "2263"]
[BlackElo "2458"]
[WhiteFideId "301574"]
[BlackFideId "24126454"]
[EventDate "2016.07.22"]

1. d4 d5 2. Nf3 Nf6 3. Bf4 c5 4. e3 Nc6 5. c3 Qb6 6. Qb3 c4 7. Qxb6 axb6 8. Be2
b5 9. O-O b4 10. cxb4 Nxb4 11. Nc3 Bf5 12. Ne5 h6 13. a3 Nc6 14. Nb5 Rc8 15. f3
g5 16. Bg3 Bg7 17. e4 dxe4 18. Nxc4 O-O 19. Nb6 Rcd8 20. Bc7 Nxd4 21. Bxd8 Nxe2+
22. Kf2 Rxd8 23. Rad1 Rxd1 24. Rxd1 Nf4 25. Rd8+ Kh7 26. Rb8 Nd3+ 27. Ke3 Nf4
28. Rxb7 Nxg2+ 29. Kf2 exf3 30. Rxe7 Nh4 0-1

[Event "27th Czech Open A 2016"]
[Site "Pardubice CZE"]
[Date "2016.07.26"]
[Round "5.61"]
[White "Abergel, Thal"]
[Black "Lorscheid, Gerhard"]
[Result "1-0"]
[WhiteTitle "GM"]
[BlackTitle "FM"]
[WhiteElo "2457"]
[BlackElo "2240"]
[WhiteFideId "614890"]
[BlackFideId "4606000"]
[EventDate "2016.07.22"]

1. e4 d6 2. d4 Nf6 3. Nc3 e5 4. Nf3 Nbd7 5. Bc4 Be7 6. O-O Nb6 7. Be2 exd4 8.
Qxd4 O-O 9. h3 Re8 10. Re1 Nfd7 11. Nd5 Nxd5 12. exd5 Bf6 13. Qd1 Nc5 14. Nd4
Bd7 15. Be3 Bg5 16. Bxg5 Qxg5 17. Nf3 Qf6 18. c3 Re7 19. Bf1 Rxe1 20. Nxe1 Re8
21. Nf3 h6 22. Qd4 Qxd4 23. Nxd4 a6 24. f3 Kf8 25. Kf2 Re5 26. c4 a5 27. b3 g5
28. a3 Na6 29. Rb1 Nc5 30. b4 axb4 31. axb4 Na4 32. Ra1 Re8 33. Bd3 Nb6 34. g4
Rb8 35. Ke3 Nc8 36. Be4 Ne7 37. c5 Ng8 38. c6 bxc6 39. dxc6 Be6 40. b5 Ke8 41.
Ra7 Kd8 42. b6 Rxb6 43. Nxe6+ fxe6 44. Ra8+ Ke7 45. Rxg8 d5 46. Bd3 Rxc6 47. Rg6
Rc3 48. Rxh6 c5 49. Ke2 c4 50. Bh7 d4 51. h4 gxh4 52. Rxh4 Ra3 53. g5 Ra2+ 54.
Kd1 Ra1+ 55. Kd2 c3+ 56. Kc2 Ra2+ 57. Kb3 Rb2+ 58. Kc4 e5 59. Be4 Rd2 60. Rh1
Rg2 61. Rh7+ 1-0